Dosahy krízových javov na trh s nehnuteľnosťami

Vybrané zmeny a charekteristika dynamiky niektorých ukazovateľov vývoja na trhu s nehnuteľnosťami. Príčiny spustenia krízy, globalizácia finančných trhov a otvorenie finančného a bankového sektora. Zamestnanosť v oblasti nehnuteľností v hospodárstve SR.

Guardado en:
Detalles Bibliográficos
Autor principal: Nemcová, Daniela, 1963-
Formato: Capítulo de libro
Lenguaje:eslovaco
Materias:
Etiquetas: Agregar Etiqueta
Sin Etiquetas, Sea el primero en etiquetar este registro!

MARC

LEADER 00000nla a2200000 4500
001 0192593
005 20240502073230.7
041 0 |a slo 
044 |a SK 
245 1 0 |a Dosahy krízových javov na trh s nehnuteľnosťami  |c Daniela Nemcová 
520 |a Vybrané zmeny a charekteristika dynamiky niektorých ukazovateľov vývoja na trhu s nehnuteľnosťami. Príčiny spustenia krízy, globalizácia finančných trhov a otvorenie finančného a bankového sektora. Zamestnanosť v oblasti nehnuteľností v hospodárstve SR. 
610 2 0 |a nehnuteľnosti 
610 2 0 |a obchod s nehnuteľnosťami 
610 2 0 |a hodnota nehnuteľností 
610 2 0 |a trh realitný 
610 2 0 |a Európska únia 
610 2 0 |a Slovensko 
100 1 |a Nemcová, Daniela, 1963-